| 000 | 00397nam a2200133Ia 4500 | ||
|---|---|---|---|
| 008 | 210430s9999 xx 000 0 und d | ||
| 020 | _a1-4020-1609-3 | ||
| 082 | _a620.1123 P733 F | ||
| 100 |
_aG. Pluvinage _954164 |
||
| 245 |
_aFracture and fatigue Emanating form Stress Concentrators _cG. Pluvinage |
||
| 260 |
_aLondon _bKluwer Academic Publishers _c2003 |
||
| 300 | _a233p | ||
| 942 |
_cBK _2ddc |
||
| 999 |
_c564641 _d564641 |
||